| 000 | 00484nam a2200193Ia 4500 | ||
|---|---|---|---|
| 003 | GCL | ||
| 008 | 140319s9999 xx 000 0 eng d | ||
| 040 |
_aGCL / _cGCL |
||
| 082 | 0 | 4 |
_a741.6 _bH G |
| 100 | 1 | _aHALLIS, RICHARD | |
| 245 | 1 | 0 |
_aGRAPHIC DESIGN: A CONCISE HISTORY / _cHALLIS, RICHARD |
| 260 |
_a[S.N] : _bTHAMES AND HUDSON ، _c1994 |
||
| 300 | _a224 | ||
| 650 | 0 | 4 | _aDESIGN |
| 650 | 0 | 4 | _aHISTORY AND CRITICISM |
| 650 | 0 | 4 | _aART |
| 650 | 0 | 4 | _aGRAPHIC |
| 942 |
_2ddc _cBK |
||
| 999 |
_c17644 _d17644 |
||